1473 1852 1160 1122 1089 1381 1195 1673 1841 1708 1902 1542 1686 1016 1121 1936 1876 1582 1015 1345 1057 1055 1162 1351 1401 1177 1173 1406 1045 1353 1537 1761 1075 1449 1046 1196 1519 1357 1980 1686 1766 1682 1582 1798 1512 1795 1440 1462 1899 1607 1704 1048 1054 1905 1113 1414 1453 1819 1185 1663 1768 1746 1012 1723 1117 1856 1132 1045 1309 1221 1540 1302 1732 1028 1737 1614 1147 1712 1567 1070 1763 1507 1831 1081 1502 1563 1938 1034 1985 1587 1754 1225 1561 1061 1370 1813 1058 1027 1872 BCNSPRNW ULIB Ver.6.0+V

เปลี่ยนเป็นภาษาไทย

Change to English
 แสดงรายละเอียดบรรณานุกรม
  กลับหน้าหลัก

Brief Record : Get Marc (ISO 2709) : E-mail record : QR code < ปิดหน้าต่าง
LEADER : 00000nam 2200000uu 4500
001    13399107871
003     ULIB
008    110208s2545||||th 000 0 tha d
020    9749071174
060 04 WY162^bป268 2545
245 00 ประเด็นและแนวโน้มในการพยาบาลผ่าตัด =^bIssues and trends inperioperative care /^cอุษาวดี อัศดรวิเศษ
246 31 Issues and trends in periopertive care
260    กรุงเทพฯ :^bภาควิชาการพยาบาลศัลยศาสตร์ คณะพยาบาลศาสตร์มหาวิทยาลัยมหิดล,^c2545
300    [6], 105 หน้า :^bภาพประกอบ ;^c27 ซม.
504    บรรณานุกรม
650  2 Perioperative Nursing
650  2 Surgery^xnursing
650  7 พยาบาลห้องผ่าตัด
650  7 ศัลยศาสตร์^xการพยาบาล
700 0  อุษาวดี อัศดรวิเศษ,^eบรรณาธิการ
710 2  มหาวิทยาลัยมหิดล. ^bคณะพยาบาลศาสตร์.^bภาควิชาการพยาบาลศัลยศาสตร์
945    ^p85^l0^i018911
945    ^p85^l0^i018910
945    ^p85^l0^i017570
945    ^p85^l0^i017568
945    ^p85^l0^i017569
995    เกษร
999 ^a ใช้งานได้ทุกระบบ
รายการนี้ยังไม่มีแท็ก
คุณยังไม่ได้ล็อกอิน คุณสามารถมีกิจกรรมร่วมกับเว็บไซต์ได้ แต่ต้องล็อกอินก่อน ::
  ล็อกอิน

รายการสื่อสารสนเทศ

ลำดับที่ ประเภท เลขเรียก/บาร์โค้ด สถานที่ สถานะ
- ไม่พบข้อมูล -

รายการใกล้เคียง
    หัวเรื่อง [Perioperative Nursing]
    หัวเรื่อง [พยาบาลห้องผ่าตัด]
    หัวเรื่อง [ศัลยศาสตร์ การพยาบาล]

BibComment


ยังไม่เคยถูกคอมเมนท์

คอมเมนท์ทรัพยากรรายการนี้
  คอมเมนท์: ประเด็นและแนวโน้ม..


 Copyright 2026. Bcnsprnw @Library